[Event "110th Anniversary WIM 2020"]
[Site "Hilleroed"]
[Date "2020.02.09"]
[Round "2.5"]
[White "Guindy, Esmat Susanne"]
[Black "Berke, Ana"]
[Result "1-0"]
[WhiteElo "2143"]
[BlackElo "2152"]
[Annotator "ChessBase"]
[PlyCount "149"]
[EventDate "2020.02.08"]
[EventType "tourn"]
[EventCountry "DEN"]
[SourceTitle "playchess.com"]
[Source "ChessBase"]
[SourceQuality "1"]
[TimeControl "40/5400+30:1800+30"]

1. c4 {[%emt 0:00:00]} c5 {[%emt 0:00:00]} 2. Nc3 {[%emt 0:00:01]} Nc6 {[%emt 0:00:00]} 3. g3 {[%emt 0:00:27]} e5 {[%emt 0:00:00]} 4. Bg2 {[%emt 0:00:39]} d6 {[%emt 0:00:25]} 5. d3 {[%emt 0:11:02]} g6 {[%emt 0:02:01]} 6. Nf3 {[%emt 0:03:34]} Bg7 {[%emt 0:01:10]} 7. O-O {[%emt 0:00:09]} Nge7 {[%emt 0:00:26]} 8. Bd2 {[%emt 0:06:22]} O-O {[%emt 0:01:34]} 9. Qc1 {[%emt 0:05:38]} Rb8 {[%emt 0:07:43]} 10. Rb1 {[%emt 0:01:08]} a5 {[%emt 0:01:37]} 11. a3 {[%emt 0:04:05]} b6 {[%emt 0:06:22]} 12. Re1 {[%emt 0:07:45]} f6 {[%emt 0:07:09]} 13. Na2 {[%emt 0:16:56]} d5 {[%emt 0:09:41]} 14. cxd5 {[%emt 0:02:07]} Nxd5 {[%emt 0:00:48]} 15. b4 {[%emt 0:04:35]} axb4 {[%emt 0:10:04]} 16. axb4 {[%emt 0:00:13]} Ncxb4 {[%emt 0:02:38]} 17. Nxb4 {[%emt 0:00:17]} Nxb4 {[%emt 0:01:52]} 18. Bxb4 {[%emt 0:00:17]} cxb4 {[%emt 0:00:08]} 19. Qc4+ {[%emt 0:04:19]} Kh8 {[%emt 0:01:50]} 20. Rec1 {[%emt 0:01:06]} f5 {[%emt 0:08:28]} 21. h4 {[%emt 0:01:24]} Qf6 {[%emt 0:03:06]} 22. Qxb4 {[%emt 0:02:18]} e4 {[%emt 0:05:03]} 23. Nd2 {[%emt 0:04:26]} exd3 {[%emt 0:06:28]} 24. exd3 {[%emt 0:01:11]} Qd4 {[%emt 0:03:47]} 25. Qxd4 {[%emt 0:02:18]} Bxd4 {[%emt 0:00:04]} 26. Rc4 {[%emt 0:00:09]} Rd8 {[%emt 0:01:28]} 27. Nf3 {[%emt 0:01:13]} Bg7 {[%emt 0:01:23]} 28. d4 {[%emt 0:01:06]} Be6 {[%emt 0:05:43]} 29. Rcb4 {[%emt 0:00:52]} Rd6 {[%emt 0:00:40]} 30. Ne5 {[%emt 0:02:46]} Bg8 {[%emt 0:07:06]} 31. Nc6 {[%emt 0:01:07]} Rf8 {[%emt 0:00:56]} 32. Rxb6 {[%emt 0:03:37]} f4 {[%emt 0:00:56]} 33. Rb8 {[%emt 0:02:12]} fxg3 {[%emt 0:02:37]} 34. Rxf8 {[%emt 0:00:45]} Bxf8 {[%emt 0:00:22]} 35. fxg3 {[%emt 0:01:12]} Bd5 {[%emt 0:01:04]} 36. Rb8 {[%emt 0:02:10]} Kg7 {[%emt 0:01:13]} 37. Bxd5 {[%emt 0:02:39]} Rxd5 {[%emt 0:00:11]} 38. Rd8 {[%emt 0:01:02]} Rb5 {[%emt 0:00:50]} 39. Kg2 {[%emt 0:01:25]} Rb3 {[%emt 0:00:48]} 40. Ne5 {[%emt 0:01:29]} Ba3 {[%emt 0:01:35]} 41. Rd7+ {[%emt 0:31:08]} Kg8 {[%emt 0:08:04]} 42. Ng4 {[%emt 0:00:00]} Rb2+ {[%emt 0:07:42]} 43. Kh3 {[%emt 0:00:00]} h5 {[%emt 0:00:23]} 44. Ne5 {[%emt 0:00:00]} Rb6 {[%emt 0:00:20]} 45. d5 {[%emt 0:00:00]} Bc5 {[%emt 0:02:33]} 46. Rc7 {[%emt 0:00:00]} Bd6 {[%emt 0:02:09]} 47. Rc8+ {[%emt 0:00:00]} Kg7 {[%emt 0:00:44]} 48. Nc4 {[%emt 0:00:00]} Ra6 {[%emt 0:00:27]} 49. Kg2 {[%emt 0:00:00]} Bb4 {[%emt 0:02:47]} 50. Kf3 {[%emt 0:00:00]} Ra1 {[%emt 0:00:18]} 51. Rb8 {[%emt 0:00:00]} Bc5 {[%emt 0:01:06]} 52. Rb5 {[%emt 0:00:00]} Bf8 {[%emt 0:00:25]} 53. Rb7+ {[%emt 0:00:00]} Kf6 {[%emt 0:04:44]} 54. Rb6+ {[%emt 0:00:00]} Kg7 {[%emt 0:02:42]} 55. Ne5 {[%emt 0:00:00]} Rf1+ {[%emt 0:01:37]} 56. Kg2 {[%emt 0:00:00]} Rd1 {[%emt 0:00:25]} 57. Rxg6+ {[%emt 0:00:00]} Kh7 {[%emt 0:00:23]} 58. Rg5 {[%emt 0:00:00]} Rxd5 {[%emt 0:00:31]} 59. Rxh5+ {[%emt 0:00:00]} Kg7 {[%emt 0:00:33]} 60. Rg5+ {[%emt 0:00:11]} Kh7 {[%emt 0:00:11]} 61. Nf3 {[%emt 0:00:49]} Rd3 {[%emt 0:00:27]} 62. Rf5 {[%emt 0:00:48]} Bd6 {[%emt 0:00:15]} 63. g4 {[%emt 0:00:43]} Kg6 {[%emt 0:00:50]} 64. h5+ {[%emt 0:01:05]} Kh6 {[%emt 0:01:29]} 65. Rf6+ {[%emt 0:00:27]} Kg7 {[%emt 0:00:05]} 66. g5 {[%emt 0:01:39]} Rd5 {[%emt 0:00:16]} 67. Rg6+ {[%emt 0:01:08]} Kh7 {[%emt 0:00:09]} 68. Kh3 {[%emt 0:00:38]} Bc7 {[%emt 0:01:19]} 69. Kg4 {[%emt 0:01:46]} Rc5 {[%emt 0:00:16]} 70. Rf6 {[%emt 0:00:49]} Kg7 {[%emt 0:00:45]} 71. h6+ {[%emt 0:00:23]} Kg8 {[%emt 0:01:12]} 72. g6 {[%emt 0:01:35]} Rc4+ {[%emt 0:00:41]} 73. Kh5 {[%emt 0:01:01]} Rc5+ {[%emt 0:00:51]} 74. Ng5 {[%emt 0:00:27]} Be5 {[%emt 0:00:30]} 75. h7+ {[%emt 0:06:52] Rc4} 1-0

[Event "110th Anniversary WIM 2020"]
[Site "Hilleroed"]
[Date "2020.02.09"]
[Round "3.1"]
[White "Stanford, Sheila Barth"]
[Black "Zaritovskaja, Margarita"]
[Result "1/2-1/2"]
[WhiteElo "2145"]
[BlackElo "2022"]
[Annotator "TA"]
[PlyCount "60"]
[EventDate "2020.02.08"]
[EventType "tourn"]
[EventCountry "DEN"]
[SourceTitle "playchess.com"]
[Source "ChessBase"]
[SourceQuality "1"]

{[%evp 16,60,36,49,81,54,56,20,68,61,58,21,66,0,0,-95,-87,-102,-85,-112,-32,-37,0,0,72,62,58,53,47,52,54,-42,46,0,0,-37,-18,-128,-119,-120,-109,-192,-143,-147,-61,-129,-127]} 1. d4 f5 2. g3 Nf6 3. Bg2 g6 4. c4 Bg7 5. Nc3 O-O 6. Nf3 c6 7. O-O d6 8. Qc2 {Recently 8.b3 got a lot of attention.} Qc7 9. e4 {[#]} Nh5 $146 {A88: Dutch Defence: Leningrad System: 5 Nf3 0-0 6 0-0 d6 7 Nc3 c6.} ({Predecessor:} 9... fxe4 10. Nxe4 Bf5 11. Nxf6+ Bxf6 12. Qe2 Na6 13. Bh6 Rfe8 14. Rad1 e5 15. dxe5 dxe5 16. Rfe1 Nc5 17. Qe3 {1-0 (40) Martinez Duany,L (2453)-Ortiz Suarez,I (2604) Villahermosa 2014}) 10. exf5 Bxf5 11. Qe2 Na6 {The position is equal.} 12. Bg5 Rae8 13. Rad1 (13. Nh4 $5 {[%cal Rg3g4]}) 13... Qd7 14. Qe3 (14. Nh4 $14) 14... Bg4 $11 15. h3 (15. Rfe1 $11) 15... Bxh3 $17 16. Bh6 Bxg2 17. Kxg2 Qg4 (17... Bxh6 $1 $17 18. Qxh6 Nf6) 18. Bxg7 $15 Nf4+ 19. Kg1 Kxg7 (19... Nh3+ $1 $11 20. Kg2 Nf4+ 21. Kg1 Nh3+ 22. Kg2 Nf4+) 20. Nh2 $16 Nh3+ 21. Kg2 $1 {[%mdl 1024] White has compensation.} Qf5 22. f4 h5 $1 23. Rde1 {[#]} (23. Nf3 $14) 23... Nc7 (23... h4 $1 $15 {[%mdl 512]} 24. Qe4 (24. gxh4 Nxf4+) 24... hxg3 25. Kxg3 Rh8) 24. Qe4 {Black must now prevent Qxf5.} Qd7 $36 {[%mdl 2048] Black is pushing.} 25. d5 e5 {Threatening ...exf4.} 26. dxc6 (26. dxe6 $1 $11 {keeps the balance.} Nxe6 27. Kh1) 26... bxc6 $17 27. fxe5 {And now Rxf8 would win.} Rxe5 28. Qd3 (28. Qh4 $17 Rxe1 29. Rxe1 Rf2+ 30. Kh1) 28... Rxe1 29. Rxe1 {[#]} Ng5 ({Black should play} 29... Ne6 $1 $17 30. Rf1 Rxf1 31. Qxf1 Nhg5) 30. Rf1 ({White should try} 30. Ne4 $1 $15 Qe7 31. Qc3+ Kg8 32. Nxg5 Qxg5 33. b3) 30... Qh3+ {Accuracy: White = 35%, Black = 46%.} 1/2-1/2

[Event "110th Anniversary WIM 2020"]
[Site "Hilleroed"]
[Date "2020.02.09"]
[Round "3.2"]
[White "Nastase, Andreea-Cristina"]
[Black "Guindy, Esmat Susanne"]
[Result "0-1"]
[WhiteElo "2090"]
[BlackElo "2143"]
[Annotator "TA"]
[PlyCount "74"]
[EventDate "2020.02.08"]
[EventType "tourn"]
[EventCountry "DEN"]
[SourceTitle "playchess.com"]
[Source "ChessBase"]
[SourceQuality "1"]

{[%evp 22,74,-14,0,14,-14,0,-25,-27,-32,-15,-100,-82,-110,-110,-114,-94,-100,-99,-105,-107,-101,-98,-106,-108,-114,-126,-124,-113,-125,-98,-154,-143,-199,-190,-247,-251,-250,-248,-237,-239,-291,-276,-377,-371,-395,-397,-571,-554,-666,-658,-663,-661,-561,-611]} 1. d4 d5 2. c4 e6 3. Nc3 Be7 4. Nf3 Nf6 5. cxd5 exd5 6. Bg5 c6 7. Qc2 g6 8. e3 Bf5 9. Bd3 Bxd3 10. Qxd3 Nbd7 11. O-O O-O 12. Nd2 Nh5 {D36: Queen's Gambit Declined: Exchange Variation: Main line (5 Bg5 c6 6 Qc2)} 13. Bh6 Ng7 {[#]} 14. f3 $146 ({Predecessor:} 14. f4 f5 15. Nf3 Rf7 16. Ng5 Rf6 17. g4 Nf8 18. Bxg7 Kxg7 19. h3 Qc8 20. Rac1 {1-0 (50) Werner,E-Speer,A Loehne 1971}) 14... f5 {Black has an edge.} 15. e4 dxe4 $1 16. fxe4 {[#]} (16. Qc4+ $1 $11 Rf7 17. fxe4) 16... Ne5 $1 $17 {[%cal Re5d3][%mdl 64] Pin} 17. Qe2 ({Wrong is} 17. Qe3 $2 Ng4 $19) 17... Qxd4+ 18. Kh1 fxe4 19. Ndxe4 Qd3 20. Qxd3 Nxd3 21. b3 Rxf1+ 22. Rxf1 Nf5 23. Bg5 Bxg5 24. Nxg5 Re8 25. Kg1 Ne3 26. Rb1 (26. Rf3 $142 Ne1 27. Rf6) 26... Re5 27. Nf3 (27. Nge4 $17) 27... Rc5 $19 28. Nd1 (28. Ne4 {was necessary.} Rc2 {[%mdl 64] Double Attack} 29. Ne1 Nxe1 30. Rxe1) 28... Nxd1 29. Rxd1 {[#]} Rc1 $1 {[%cal Rc1d1]} 30. Rxc1 Nxc1 {[%mdl 4096] Endgame KN-KN} 31. Nd2 Nxa2 32. Nc4 b6 33. Ne5 c5 34. Nc6 (34. Nf3 $142) 34... Nc1 {Black is clearly winning.} 35. Nxa7 Nxb3 36. Kf2 Nd4 37. Ke3 Kf7 {Accuracy: White = 37%, Black = 95%.} 0-1

[Event "110th Anniversary WIM 2020"]
[Site "Hilleroed"]
[Date "2020.02.09"]
[Round "3.3"]
[White "Miturova, Magdalena"]
[Black "Kakulidis, Ellen"]
[Result "1/2-1/2"]
[WhiteElo "2185"]
[BlackElo "2052"]
[Annotator "TA"]
[PlyCount "43"]
[EventDate "2020.02.08"]
[EventType "tourn"]
[EventCountry "DEN"]
[SourceTitle "playchess.com"]
[Source "ChessBase"]
[SourceQuality "1"]

{[%evp 14,43,6,15,49,29,31,31,45,31,24,31,38,20,34,36,94,104,92,70,75,52,62,22,66,0,0,4,2,-8,29,23]} 1. e4 e5 2. Nf3 Nc6 3. Bb5 Nf6 4. O-O Nxe4 5. d4 Be7 6. dxe5 O-O 7. Qd5 Nc5 8. Be3 b6 {[#] C67: Ruy Lopez: Berlin Defence: 4 0-0 Nxe4.} 9. Rd1 $146 ({Predecessor:} 9. Nc3 Rb8 10. Rad1 Qe8 11. Rfe1 a6 12. Bf1 Kh8 13. Qd2 Bd8 14. Nd5 Ne6 15. c4 b5 16. cxb5 axb5 {½-½ (40) Nunn,J (2585)-Speelman,J (2615) Hastings 1987}) 9... Bb7 10. Nc3 a6 {White is slightly better.} 11. Be2 d6 12. exd6 Bxd6 13. Qh5 Qf6 14. Bxc5 g6 (14... bxc5 $14 15. Ne4 Qe7) 15. Ne4 $16 {[%mdl 64] [#] Double Attack} Qg7 16. Qh4 Bxc5 17. Nxc5 bxc5 18. Qf4 Nb4 19. Qxc7 (19. c3 $14 Nd5 20. Qc4) 19... Bxf3 $1 $11 20. Bxf3 ({Of course not} 20. gxf3 Nxc2 21. Rac1 Nd4 $17) 20... Rac8 21. Qa5 {[#] Strongly threatening c3.} Nxc2 22. Rab1 {Accuracy: White = 79%, Black = 67%.} 1/2-1/2

[Event "110th Anniversary WIM 2020"]
[Site "Hilleroed"]
[Date "2020.02.09"]
[Round "3.4"]
[White "Nilssen, Ellen Fredericia"]
[Black "Baliuniene, Margarita"]
[Result "1/2-1/2"]
[WhiteElo "2065"]
[BlackElo "1982"]
[Annotator "NA RC"]
[PlyCount "106"]
[EventDate "2020.02.08"]
[EventType "tourn"]
[EventCountry "DEN"]
[SourceTitle "playchess.com"]
[Source "ChessBase"]
[SourceQuality "1"]
[TimeControl "40/5400+30:1800+30"]

{[%evp 10,101,6,15,2,32767,26,17,32767,32767,32767,32767,32767,29,32767,21,23,18,32767,8,18,-29,-35,-31,-35,32767,32767,32767,32767,32767,95,97,90,87,88,12,25,12,66,28,54,48,32767,0,0,0,47,60,68,61,69,65,41,38,58,0,0,0,0,0,0,0,10,32767,32767,32767,32767,-54,32767,32767,-10,-40,32767,32767,32767,32767,32767,-35,-35,32767,-36,-31,-23,32767,-85,-51,32767,32767,32767,32767,32767,32767,32767,-27]} 1. d4 {[%emt 0:00:00]} d5 {[%emt 0:00:00]} 2. Nf3 {[%emt 0:00:00]} Nf6 {[%emt 0:00:00]} 3. c4 {[%emt 0:00:00]} e6 {[%emt 0:00:00]} 4. Nc3 {[%emt 0:00:00]} Be7 {[%emt 0:00:23]} 5. cxd5 {[%emt 0:00:00]} exd5 {[%emt 0:00:10]} 6. Bg5 {[%emt 0:00:03]} c6 {[%emt 0:00:25]} 7. Qc2 {[%emt 0:00:35]} Nbd7 {[%emt 0:01:48]} 8. e3 {[%emt 0:00:08]} Nf8 {[%emt 0:00:25]} 9. Bd3 {[%emt 0:00:23]} Ne6 {[%emt 0:01:34]} 10. Bh4 {[%emt 0:11:27]} g6 {[%emt 0:01:13]} 11. O-O {[%emt 0:07:49]} O-O {[%emt 0:00:18]} 12. Rab1 {[%emt 0:04:42]} Ng7 {[%emt 0:03:42]} 13. b4 {[%emt 0:03:23]} a6 {[%emt 0:00:41] D36: Queen's Gambit Declined: Exchange Variation: Main line (5 Bg5 c6 6 Qc2).} 14. Na4 {[%emt 0:09:40]} Nf5 {[%emt 0:04:02] [#]} 15. Bg3 $146 {[%emt 0:02:27]} ({Predecessor:} 15. Bg5 $142 Nd6 16. Nc5 Nfe4 17. Bf4 Re8 18. a4 Bf8 19. Rfc1 f6 20. b5 axb5 21. axb5 Nxc5 22. dxc5 Nxb5 23. Bxb5 cxb5 24. Rxb5 {½-½ (38) Socko,M (2441)-Leniart,A (2482) Bialystok 2016}) 15... Nxg3 {[%emt 0:01:20]} 16. hxg3 {[%emt 0:00:18]} Bd6 {[%emt 0:03:36]} 17. Nd2 {[%emt 0:04:33]} Qe7 {[%emt 0:02:42]} 18. Nc5 {[%emt 0:09:03]} Re8 {[%emt 0:01:39]} 19. Rfe1 {[%emt 0:02:39]} Ne4 {[%emt 0:14:20]} (19... Qd8 $11 {keeps the balance.}) 20. Ndxe4 {[%emt 0:14:06]} ({But not} 20. Bxe4 $6 dxe4 21. Qb3 (21. Ncxe4 Bf5 $17) 21... Be6 $11) 20... dxe4 {[%emt 0:00:07]} 21. Nxe4 {[%emt 0:00:53]} Bxb4 {[%emt 0:01:06]} 22. Nf6+ {[%emt 0:00:27]} (22. Rxb4 $16 Qxb4 23. Nf6+ {[%mdl 64] Double Attack} Kh8 24. Rb1) 22... Qxf6 {[%emt 0:02:25]} 23. Rxb4 {[%emt 0:00:06]} Qd6 {[%emt 0:01:13]} 24. Reb1 {[%emt 0:02:30]} Re7 {[%emt 0:02:37]} 25. Rb6 {[%emt 0:00:31]} Ra7 {[%emt 0:06:31]} 26. Bc4 {[%emt 0:07:00]} (26. a4 $14) 26... Bf5 {[%emt 0:00:46]} 27. Bd3 {[%emt 0:00:05]} Bxd3 {[%emt 0:00:46]} 28. Qxd3 {[%emt 0:00:02]} Qd5 {[%emt 0:01:39]} 29. Qa3 {[%emt 0:04:49]} Rc7 {[%emt 0:01:43]} 30. Rc1 {[%emt 0:00:22]} Ra8 {[%emt 0:01:20]} 31. Qb2 {[%emt 0:00:24]} Qd7 {[%emt 0:01:49]} 32. d5 {[%emt 0:03:57]} Rac8 {[%emt 0:08:52]} 33. d6 {[%emt 0:01:27]} Qxd6 {[%emt 0:00:07]} 34. Rxb7 {[%emt 0:00:04]} c5 {[%emt 0:01:17]} 35. Rxc7 {[%emt 0:03:08]} Qxc7 {[%emt 0:00:42]} 36. Qc3 {[%emt 0:07:22]} Qb6 {[%emt 0:04:40]} 37. a4 {[%emt 0:00:08]} c4 {[%emt 0:04:12]} 38. Rc2 {[%emt 0:01:47]} Qb1+ {[%emt 0:04:34]} 39. Rc1 {[%emt 0:00:01]} Qa2 {[%emt 0:05:07]} 40. Qa5 {[%emt 0:02:27]} Qb2 {[%emt 0:01:50]} 41. Rc3 {[%emt 0:01:40]} Qb1+ {[%emt 0:00:39]} 42. Kh2 {[%emt 0:00:03]} Qb7 {[%emt 0:01:05]} 43. Kg1 {[%emt 0:02:54]} Qc6 {[%emt 0:03:09]} 44. Qb4 {[%emt 0:04:23]} Qd5 {[%emt 0:01:16]} 45. Qb1 {[%emt 0:06:12]} Qd2 {[%emt 0:08:46]} 46. Qb4 {[%emt 0:03:45]} Qd1+ {[%emt 0:00:27]} 47. Kh2 $15 {[%emt 0:00:03]} Qd5 {[%emt 0:00:05]} 48. Qb1 {[%emt 0:01:51]} a5 {[%emt 0:00:13]} 49. Qc2 {[%emt 0:00:52]} Rc5 {[%emt 0:01:12]} 50. Kg1 {[%emt 0:00:25]} Kg7 {[%emt 0:08:56]} 51. Kh2 {[%emt 0:00:16]} g5 {[%emt 0:07:29]} 52. g4 {[%emt 0:02:06]} Rc6 {[%emt 0:01:08]} 53. Kg1 {[%emt 0:01:16]} Rc5 {[%emt 0:03:32]} 1/2-1/2

[Event "110th Anniversary WIM 2020"]
[Site "Hilleroed"]
[Date "2020.02.09"]
[Round "3.5"]
[White "Berke, Ana"]
[Black "Kejzar, Petra"]
[Result "1/2-1/2"]
[WhiteElo "2152"]
[BlackElo "2072"]
[Annotator "ChessBase"]
[PlyCount "61"]
[EventDate "2020.02.08"]
[EventType "tourn"]
[EventCountry "DEN"]
[SourceTitle "playchess.com"]
[Source "ChessBase"]
[SourceQuality "1"]
[TimeControl "40/5400+30:1800+30"]

1. d4 {[%emt 0:00:00]} d5 {[%emt 0:00:00]} 2. c4 {[%emt 0:00:00]} c6 {[%emt 0:00:00]} 3. Nc3 {[%emt 0:00:00]} Nf6 {[%emt 0:00:00]} 4. Bg5 {[%emt 0:00:00]} e6 {[%emt 0:00:16]} 5. e3 {[%emt 0:00:00]} Be7 {[%emt 0:00:08]} 6. Nf3 {[%emt 0:00:00]} O-O {[%emt 0:00:27]} 7. cxd5 {[%emt 0:00:00]} cxd5 {[%emt 0:00:06]} 8. Be2 {[%emt 0:00:00]} Nc6 {[%emt 0:00:06]} 9. O-O {[%emt 0:00:00]} Ne4 {[%emt 0:00:12]} 10. Bxe7 {[%emt 0:00:01]} Qxe7 {[%emt 0:00:08]} 11. Rc1 {[%emt 0:00:01]} Nxc3 {[%emt 0:00:22]} 12. Rxc3 {[%emt 0:00:04]} Bd7 {[%emt 0:00:06]} 13. a3 {[%emt 0:00:06]} Rfc8 {[%emt 0:00:05]} 14. Qd2 {[%emt 0:00:02]} a6 {[%emt 0:01:13]} 15. Rfc1 {[%emt 0:00:24]} Qd8 {[%emt 0:00:35]} 16. b4 {[%emt 0:00:37]} Na7 {[%emt 0:00:12]} 17. Rxc8 {[%emt 0:00:43]} Rxc8 {[%emt 0:00:08]} 18. Rxc8 {[%emt 0:00:12]} Qxc8 {[%emt 0:00:04]} 19. Bd3 {[%emt 0:00:42]} Bb5 {[%emt 0:00:11]} 20. Bxb5 {[%emt 0:00:08]} Nxb5 {[%emt 0:00:07]} 21. Qb2 {[%emt 0:00:06]} h6 {[%emt 0:00:52]} 22. h3 {[%emt 0:00:59]} Qc3 {[%emt 0:00:30]} 23. Qxc3 {[%emt 0:00:04]} Nxc3 {[%emt 0:00:04]} 24. Ne5 {[%emt 0:00:16]} Nb5 {[%emt 0:00:40]} 25. a4 {[%emt 0:00:10]} Nc3 {[%emt 0:00:26]} 26. a5 {[%emt 0:00:05]} Na2 {[%emt 0:00:07]} 27. Nd3 {[%emt 0:00:09]} Kf8 {[%emt 0:00:53]} 28. Kf1 {[%emt 0:00:25]} Nc3 {[%emt 0:00:30]} 29. Ne5 {[%emt 0:00:37]} Na2 {[%emt 0:00:17]} 30. Nd3 {[%emt 0:00:06]} Nc3 {[%emt 0:00:04]} 31. Ne5 {[%emt 0:00:06]} 1/2-1/2

[Event "110th Anniversary WIM 2020"]
[Site "Hilleroed"]
[Date "2020.02.10"]
[Round "4.1"]
[White "Zaritovskaja, Margarita"]
[Black "Miturova, Magdalena"]
[Result "0-1"]
[WhiteElo "2022"]
[BlackElo "2185"]
[Annotator "TA"]
[PlyCount "32"]
[EventDate "2020.02.08"]
[EventType "tourn"]
[EventCountry "DEN"]
[SourceTitle "playchess.com"]
[Source "ChessBase"]
[SourceQuality "1"]

{[%evp 13,32,37,64,49,53,49,36,25,73,0,14,12,0,0,0,0,0,-28,-14,-17,0]} 1. e4 e5 2. Nf3 Nc6 3. Bc4 Nf6 4. d3 Be7 5. O-O O-O 6. Re1 d6 7. a4 Kh8 8. a5 {C55: Two Knights: 4 d3, 4 d4 exd4 5 e5 and Max Lange Attack.} a6 9. c3 {9.Nc3 might become the main line.} Ng8 10. Qb3 {White is slightly better.} Qe8 {[#]} 11. Be3 $146 (11. Nbd2 $16) ({Predecessor:} 11. d4 f5 12. exf5 Bxf5 13. dxe5 Bxb1 14. Bxg8 Rxf3 15. exd6 Qg6 16. dxe7 Be4 17. Rxe4 Qxe4 18. gxf3 {1-0 (59) Zweifel,R (2100)-Colmenares,A (2390) Zuerich 2018}) 11... Rb8 12. Nbd2 f5 $1 {[%cal Rf5f4]} 13. exf5 Bxf5 14. Ne4 Qg6 15. Nfd2 Nh6 16. Bxh6 Qxh6 {[%mdl 32768] Accuracy: White = 76%, Black = 89%. . Loss on time!?} 0-1

[Event "110th Anniversary WIM 2020"]
[Site "Hilleroed"]
[Date "2020.02.10"]
[Round "4.2"]
[White "Nastase, Andreea-Cristina"]
[Black "Stanford, Sheila Barth"]
[Result "1/2-1/2"]
[WhiteElo "2090"]
[BlackElo "2145"]
[Annotator "TA"]
[PlyCount "112"]
[EventDate "2020.02.08"]
[EventType "tourn"]
[EventCountry "DEN"]
[SourceTitle "playchess.com"]
[Source "ChessBase"]
[SourceQuality "1"]

{[%evp 21,112,22,14,0,0,0,0,-24,-11,-79,-47,-79,-88,-97,-62,-53,-60,-32,-22,-104,0,0,11,0,0,0,14,28,37,0,0,-42,-33,-41,-20,-20,0,-54,-58,-53,0,-21,-21,-29,-38,-63,-51,-69,-52,-111,-76,-115,-91,-85,-54,-177,-79,-255,-72,-73,0,-70,-54,-64,-19,-19,-19,-20,-10,-16,0,0,0,0,0,-260,-245,-204,-31,-25,-57,-124,-54,-287,-273,-218,0,0,0,0,0,0,0]} 1. d4 Nf6 2. c4 g6 3. Nc3 d5 4. cxd5 Nxd5 5. e4 Nxc3 6. bxc3 Bg7 7. Be3 c5 8. Nf3 Qa5 9. Qd2 O-O 10. Rc1 Rd8 11. d5 e6 12. c4 {D85: Exchange Grünfeld: Unusual White 7th moves and lines with 7 Nf3.} Qxd2+ 13. Nxd2 b6 {[#]} 14. Nb1 $146 ({Predecessor:} 14. Be2 Na6 15. O-O Nb4 16. a3 Na2 17. Rc2 Nc3 18. Bd3 Ba6 19. Bg5 exd5 20. Bxd8 dxe4 {½-½ (68) Vorontsov,P (2510)-Mchedlishvili,M (2602) Kocaeli 2017}) 14... f5 15. Bd3 (15. exf5 $11 {keeps the balance.} exd5 16. fxg6) 15... Nd7 16. f3 Ne5 17. Be2 fxe4 18. fxe4 Rf8 19. Nd2 Ba6 20. Bf2 (20. Rf1 $11) 20... Bh6 (20... exd5 $17 21. exd5 Rae8) 21. Bg3 $11 Bf4 22. Bxf4 Rxf4 23. Rf1 Rh4 24. h3 exd5 25. exd5 (25. cxd5 $5 {[%cal Re2a6]} Nd3+ 26. Bxd3 Bxd3 27. Rf6 $14) 25... Re8 {...Nd3+ is the strong threat.} 26. Kf2 Rd4 $36 {[%mdl 2048] Black has good play.} 27. Rc2 h5 28. Kg1 Kg7 (28... Rf8 {is more complex.} 29. Rfc1 Rff4 30. a4 h4 31. a5 Kf7) 29. Nf3 (29. a4 $11) 29... Nxf3+ $15 30. Rxf3 {Threatening Ra3.} Bc8 (30... Ree4 $15) 31. Ra3 Re7 32. Bf1 Rd1 33. Rf2 Bf5 34. Rf4 Kh6 35. Raf3 (35. h4 $15) 35... Kg5 36. Rf2 Ree1 37. Kh2 Rc1 38. R4f3 {[#]} (38. h4+ $15 Kf6 39. Bd3) 38... Red1 (38... b5 $1 $19 {[%cal Rb5c4][%mdl 512] has better winning chances.} 39. Rf4 (39. cxb5 c4) 39... bxc4 40. Bxc4 h4) 39. g3 $2 {[#]} (39. Rf4 $17 {might work better.}) 39... Ra1 $2 (39... b5 $1 $19 {[%cal Rb5c4][%mdl 512] and Black stays clearly on top.} 40. Rf4 (40. cxb5 c4) 40... bxc4 41. h4+ Kh6 42. Bxc4 Rh1+ 43. Kg2 Rhg1+ 44. Kh2 Rh1+ 45. Kg2 Bh3+ 46. Kf3 Bg4+ 47. Ke3 Rhe1+ 48. Kd3 Red1+ 49. Rd2 Rg1) 40. Rf4 $17 Bb1 (40... a6 $17) 41. g4 (41. Rf7 $11) 41... h4 ({Wrong is} 41... Bxa2 $2 42. h4+ $1 {[%mdl 512]} Kxh4 43. gxh5+ Kg5 44. hxg6 $18) 42. Rf7 $1 Rxa2 43. Rxa2 Bxa2 44. Rxa7 $15 {[%mdl 4096] Endgame KRB-KRB} Bb1 45. Rf7 Rd2+ 46. Kg1 Be4 47. Rf8 Bd3 48. Bxd3 $4 {[%mdl 8192]} (48. Rf3 $11 {and White has nothing to worry.} Bxf1 49. Kxf1) 48... Rxd3 $11 {KR-KR} 49. Kg2 Rd4 $2 (49... Rg3+ $19 50. Kh2 Rc3) 50. Rb8 $15 Rxc4 51. Rxb6 {[#]} (51. d6 $1 $15 Rd4 52. Rxb6) 51... Rd4 ({Black should play} 51... Rc2+ $1 $17 52. Kf3 Rh2) 52. Rd6 $2 (52. d6 $1 $15) 52... c4 $19 53. Rc6 {[#]} Rxd5 $2 ({Better is} 53... Kf4 $1 $19 {[%cal Rf4e3] Strongly threatening ...Ke3.} 54. Rxg6 Rd2+ 55. Kf1 Ke5) 54. Rxc4 $11 {The position is equal.} Rd2+ 55. Kg1 Re2 56. Rb4 Rc2 {Accuracy: White = 53%, Black = 60%.} 1/2-1/2